000 00700nam a22002177a 4500
003 BUBTL
008 231029b ||||| |||| 00| 0 eng d
041 _aeng
082 _a346.03/ B2245l/ 2002
100 _95552
_aBangia, R.K.
245 _aThe law of torts :
_bincluding motor vehicles act and consumer protection laws /
_cR.K. Bangia
250 _a15th ed.
260 _aIndia :
_bAllahabad Law Agency,
_cc2002
300 _axlii, 653 p. :
_c21.5 cm.
500 _aThe law of torts, motor vehicles act, consumer protection laws, Law, R.K. Bangia
526 _aLaw
650 0 _926
_aLaw
856 _k0
_l0
_yDownload
942 _2ddc
_cBK
999 _c7121
_d7121